Glimpses of world history / (Record no. 67054)

MARC details
000 -LEADER
fixed length control field 01488nam a22002657a 4500
005 - DATE AND TIME OF LATEST TRANSACTION
control field 20120224115839.0
010 ## - LCCN (DPL NO)
LC control number B-460930-934
020 ## - INTERNATIONAL STANDARD BOOK NUMBER
International Standard Book Number 9780143031055
Terms of availability 699.00
035 ## - SYSTEM CONTROL NUMBER
System control number B-460930-934
037 ## - SOURCE OF ACQUISITION
Source of stock number/acquisition Virtuous Pub/Ven
082 ## - DEWEY DECIMAL CLASSIFICATION NUMBER
Classification number 909
100 ## - MAIN ENTRY--PERSONAL NAME
Personal name Nehru, Jawahar Lal
245 ## - TITLE STATEMENT
Title Glimpses of world history /
Statement of responsibility, etc by Jawahar Lal Nehru
260 ## - PUBLICATION, DISTRIBUTION, ETC. (IMPRINT)
Place of publication, distribution, etc New Delhi
Name of publisher, distributor, etc Penguin Books
Date of publication, distribution, etc 2004
270 ## - ADDRESS
Address 11, Community Centre, panchsheel Park,
City New Delhi
Postal code 110017
300 ## - PHYSICAL DESCRIPTION
Extent xxxvii1155p
Dimensions 23cm(pbk)
Other physical details includes Index
700 ## - ADDED ENTRY--PERSONAL NAME
9 (RLIN) 42986
942 ## - ADDED ENTRY ELEMENTS (KOHA)
Source of classification or shelving scheme Dewey Decimal Classification
Item type English Books
Call number suffix NEH
Call number prefix 909
Holdings
Withdrawn status Lost status Not for loan Collection code Home library Current library Date acquired Source of acquisition Cost, normal purchase price Full call number Barcode Copy number Cost, replacement price Koha item type Public note
      Non-fiction Bawana Bawana 18/06/2012 Virtuous Pub/936/04.02.2012/28/18.01.2012/10.02.2012 699.00 NEH B-460933 1 699.00 English Books  
      Non-fiction Central Library Central Library 18/06/2012 Virtuous Pub/936/04.02.2012/28/18.01.2012/10.02.2012 699.00 NEH B-460930 1 699.00 English Books Legal Case (Register 2018)
      Non-fiction Patel Nagar Patel Nagar 18/06/2012 Virtuous Pub/936/04.02.2012/28/18.01.2012/10.02.2012 699.00 NEH B-460931 1 699.00 English Books  
      Non-fiction Sarojini Nagar Sarojini Nagar 18/06/2012 Virtuous Pub/936/04.02.2012/28/18.01.2012/10.02.2012 699.00 NEH B-460932 1 699.00 English Books  
      Non-fiction Shahdara Branch Shahdara Branch 18/06/2012 Virtuous Pub/936/04.02.2012/28/18.01.2012/10.02.2012 699.00 NEH B-460934 1 699.00 English Books  

© Delhi Public Library
Hit Counter
free hit counter